[Event "Ifjusagi csapatbajnoksag"]
[Site "Budapest"]
[Date "2015.08.26"]
[Round "1.1"]
[White "Csonka, Balazs"]
[Black "Korpa, Bence"]
[Result "1/2-1/2"]
[WhiteElo "2410"]
[BlackElo "2433"]
[PlyCount "24"]
[EventDate "2015.??.??"]

1. e4 c6 2. d4 d5 3. Nc3 dxe4 4. Nxe4 Bf5 5. Ng3 Bg6 6. Nf3 Nd7 7. Bd3 e6 8.
O-O Ngf6 9. b3 Be7 10. Bb2 Bxd3 11. Qxd3 O-O 12. c4 Qc7 1/2-1/2

[Event "Ifjusagi csapatbajnoksag"]
[Site "Budapest"]
[Date "2015.08.26"]
[Round "1.2"]
[White "Nayhebaver, Martin"]
[Black "Juhasz, Armin"]
[Result "1/2-1/2"]
[WhiteElo "2404"]
[BlackElo "2315"]
[PlyCount "39"]
[EventDate "2015.??.??"]

1. e4 c6 2. Nc3 d5 3. Nf3 Bg4 4. h3 Bxf3 5. Qxf3 Nf6 6. d3 e6 7. a3 Nbd7 8. g3
g6 9. Bg2 Bg7 10. Qe2 O-O 11. O-O Qb6 12. Kh1 d4 13. Nb1 e5 14. Nd2 Qc7 15. c3
c5 16. c4 a6 17. Rb1 Rab8 18. b4 b5 19. Bb2 Qd6 20. Rfc1 1/2-1/2

[Event "Ifjusagi csapatbajnoksag"]
[Site "Budapest"]
[Date "2015.08.26"]
[Round "1.3"]
[White "Orosz, Andras"]
[Black "Acs, Petra"]
[Result "1-0"]
[WhiteElo "2281"]
[BlackElo "1746"]
[PlyCount "33"]
[EventDate "2015.??.??"]

1. d4 d5 2. c4 Nf6 3. cxd5 Nxd5 4. e4 Nf6 5. Nc3 e6 6. Nf3 Be7 7. Be3 O-O 8.
Bd3 b6 9. e5 Nd5 10. Nxd5 exd5 11. O-O Bg4 12. Qc2 h6 13. Ne1 f6 14. h3 Be6 15.
f4 f5 16. Nf3 Nd7 17. Qc6 1-0

[Event "Ifjusagi csapatbajnoksag"]
[Site "Budapest"]
[Date "2015.08.26"]
[Round "1.4"]
[White "Szabo, Balint"]
[Black "Ruck, Robert"]
[Result "1-0"]
[WhiteElo "1619"]
[BlackElo "2073"]
[PlyCount "51"]
[EventDate "2015.??.??"]

1. e4 c5 2. c3 d5 3. exd5 Qxd5 4. d4 Nf6 5. Nf3 Nc6 6. Be2 cxd4 7. Nxd4 Nxd4 8.
cxd4 Qxg2 9. Bf3 Qh3 10. Qb3 Qd7 11. Be3 e6 12. Nc3 Bd6 13. h3 O-O 14. O-O Rb8
15. Rac1 b6 16. Nb5 Nd5 17. Bxd5 exd5 18. Nxd6 Qxd6 19. Bd2 Re8 20. Rfe1 Bd7
21. Kg2 Rbd8 22. Qg3 Qf6 23. Bg5 Qxd4 24. Bxd8 Rxd8 25. Qc7 Qf6 26. Qxd7 1-0

[Event "Ifjusagi csapatbajnoksag"]
[Site "Budapest"]
[Date "2015.08.26"]
[Round "1.5"]
[White "Haszon, Kamilla Sara"]
[Black "Acs, Kristof"]
[Result "1-0"]
[WhiteElo "2000"]
[BlackElo "1665"]
[PlyCount "73"]
[EventDate "2015.??.??"]

1. e4 e5 2. Nf3 Nc6 3. Bb5 a6 4. Ba4 d6 5. c3 Bd7 6. O-O g6 7. d4 Bg7 8. Bg5 f6
9. Be3 Nge7 10. Nbd2 O-O 11. d5 Nb8 12. Ne1 f5 13. f3 f4 14. Bf2 g5 15. c4 b6
16. Nd3 h5 17. b4 Bxa4 18. Qxa4 Nd7 19. c5 b5 20. Qb3 Nf6 21. cxd6 cxd6 22.
Nxe5 dxe5 23. d6+ Rf7 24. dxe7 Qxe7 25. Bc5 Qe8 26. a4 Bf8 27. axb5 axb5 28.
Rxa8 Qxa8 29. Qe6 Bxc5+ 30. bxc5 Qd8 31. Nb3 Qe7 32. Qb6 Qb7 33. Na5 Qxb6 34.
cxb6 g4 35. b7 Rf8 36. Rb1 gxf3 37. gxf3 1-0

[Event "Ifjusagi csapatbajnoksag"]
[Site "Budapest"]
[Date "2015.08.26"]
[Round "1.7"]
[White "Csontos, David"]
[Black "Antal, Tibor Kende"]
[Result "0-1"]
[WhiteElo "1609"]
[BlackElo "2351"]
[PlyCount "100"]
[EventDate "2015.??.??"]

1. e4 c5 2. Nf3 d6 3. d4 cxd4 4. Nxd4 Nf6 5. Nc3 a6 6. Be2 e5 7. Nb3 Be6 8. g4
d5 9. g5 Nxe4 10. Nxe4 dxe4 11. Qxd8+ Kxd8 12. Be3 Nd7 13. O-O-O Kc7 14. Kb1 f5
15. gxf6 gxf6 16. Nd2 f5 17. Bc4 Re8 18. Bxe6 Rxe6 19. Nc4 b5 20. Na5 Bb4 21.
Nb3 Rg8 22. a3 Bd6 23. c4 f4 24. c5 Be7 25. Bd2 Rg2 26. Ba5+ Kc6 27. Rd2 e3 28.
fxe3 f3 29. Rhd1 Nxc5 30. Rc1 Rxd2 31. Nxd2 Kd5 32. Nxf3 Nb3 33. Rd1+ Ke4 34.
Nd2+ Nxd2+ 35. Bxd2 Rh6 36. Rh1 Bg5 37. Kc2 Rh3 38. Kb3 Bxe3 39. Bxe3 Kxe3 40.
Kb4 Kf2 41. Ka5 Rh6 42. Rc1 e4 43. Rc2+ Kf3 44. Rc8 Re6 45. Rf8+ Kg2 46. Rf7 e3
47. Rg7+ Kh1 48. Rxh7 e2 49. Rh3 e1=Q+ 50. b4 Qd1 0-1

[Event "Ifjusagi csapatbajnoksag"]
[Site "Budapest"]
[Date "2015.08.26"]
[Round "1.8"]
[White "Kaczur, Florian"]
[Black "Kovacs, Bence"]
[Result "1-0"]
[WhiteElo "2345"]
[BlackElo "1921"]
[PlyCount "69"]
[EventDate "2015.??.??"]

1. e4 e5 2. Nf3 Nc6 3. Bb5 a6 4. Ba4 Nge7 5. Bb3 g6 6. Ng5 d5 7. exd5 Nd4 8.
Nxf7 Kxf7 9. d6+ Kg7 10. dxe7 Bxe7 11. O-O Nxb3 12. axb3 Rf8 13. Nc3 b5 14. Qe2
Bb7 15. d3 Bd6 16. Ne4 Qd7 17. Bd2 Rae8 18. Rae1 Qf5 19. Qe3 Bc6 20. b4 Kg8 21.
Qh6 Qd7 22. Bc3 Qe7 23. Ng5 Rf5 24. f4 e4 25. Nxe4 Rh5 26. Qxh5 gxh5 27. Nf6+
Kf7 28. Rxe7+ Rxe7 29. Nxh5 Kg6 30. Ng3 h5 31. f5+ Kg5 32. f6 Rf7 33. Rf5+ Kg4
34. h3+ Kxg3 35. Be1# 1-0

[Event "Ifjusagi csapatbajnoksag"]
[Site "Budapest"]
[Date "2015.08.26"]
[Round "1.9"]
[White "Szucs, Edina"]
[Black "Dankhazi, Andras"]
[Result "0-1"]
[WhiteElo "1736"]
[BlackElo "2232"]
[PlyCount "116"]
[EventDate "2015.??.??"]

1. e4 c5 2. Nf3 d6 3. d4 cxd4 4. Qxd4 a6 5. Nc3 Nc6 6. Qd3 g6 7. Bf4 Bg7 8. Qd2
Nf6 9. O-O-O Qa5 10. Bc4 O-O 11. Rhe1 Bg4 12. Bb3 b5 13. Nd5 Qxd2+ 14. Rxd2 Nd7
15. a3 Nc5 16. Ba2 a5 17. Nxe7+ Nxe7 18. Bxd6 Na4 19. e5 Ra7 20. Nd4 Bh6 21.
Nxb5 Bxd2+ 22. Kxd2 Rb7 23. Re4 Be6 24. Bxe6 fxe6 25. Rxa4 Rxb5 26. Bxe7 Rxf2+
27. Kd3 Rd5+ 28. Kc3 Re2 29. Kb3 Rb5+ 30. Kc3 Rbxe5 31. b4 axb4+ 32. axb4 Rxg2
33. h4 Ree2 34. Ra2 Kf7 35. Bd6 Rg1 36. Rb2 Rd1 37. Bc7 Rd7 38. Ba5 Ke7 39. b5
Kd6 40. b6 Kc6 41. Rb1 Re5 42. Bb4 Rb5 43. Kc4 Rxb6 44. Re1 Kb7 45. Re5 Rc6+
46. Kb3 Rd5 47. Re4 Kc7 48. c3 Rf5 49. Kc2 e5 50. Kd3 Rf3+ 51. Kd2 Rf4 52. Rxe5
Rxh4 53. Re7+ Kc8 54. Kd3 h5 55. Rg7 Rg4 56. Ke2 Rcc4 57. Ba5 h4 58. Kd3 h3 0-1

[Event "Ifjusagi csapatbajnoksag"]
[Site "Budapest"]
[Date "2015.08.26"]
[Round "1.10"]
[White "Benedeczky, Lehel"]
[Black "Dibusz, Domonkos"]
[Result "1-0"]
[WhiteElo "2111"]
[BlackElo "1684"]
[PlyCount "51"]
[EventDate "2015.??.??"]

1. d4 d5 2. c4 c6 3. e3 e6 4. Nf3 Nf6 5. Nbd2 Nbd7 6. Bd3 Bd6 7. O-O O-O 8. e4
dxe4 9. Nxe4 Be7 10. Qc2 Nxe4 11. Bxe4 Nf6 12. Bd3 h6 13. Rd1 b6 14. b3 Bb7 15.
Bb2 Rc8 16. a4 Qc7 17. c5 Nd5 18. Qc4 bxc5 19. dxc5 f5 20. b4 Bf6 21. Bxf6 Rxf6
22. Re1 a6 23. Re5 Qd7 24. Rae1 Kf7 25. Rxf5 Kg8 26. Rfe5 1-0

[Event "Ifjusagi csapatbajnoksag"]
[Site "Budapest"]
[Date "2015.08.26"]
[Round "1.11"]
[White "Karko, Balint"]
[Black "Gal, Hanna Krisztina"]
[Result "0-1"]
[WhiteElo "1471"]
[BlackElo "2084"]
[PlyCount "56"]
[EventDate "2015.??.??"]

1. e4 c5 2. Nf3 e6 3. d4 cxd4 4. Nxd4 a6 5. Be3 Qc7 6. Nd2 Nf6 7. Bd3 b6 8.
N2f3 d6 9. c4 Bb7 10. Qc2 Nbd7 11. b4 Ne5 12. Nd2 d5 13. Be2 dxe4 14. Rc1 Neg4
15. Bxg4 Nxg4 16. Nxe4 Nxe3 17. fxe3 Bxb4+ 18. Kf2 O-O 19. Ng5 g6 20. h4 h6 21.
Ngf3 e5 22. Ne6 fxe6 23. Qxg6+ Qg7 24. Qxe6+ Rf7 25. Rh3 Qf6 26. Rg3+ Kh8 27.
Qh3 e4 28. h5 Qb2+ 0-1

[Event "Ifjusagi csapatbajnoksag"]
[Site "Budapest"]
[Date "2015.08.26"]
[Round "1.13"]
[White "Terbe, Julianna"]
[Black "Gyimesi, Peter"]
[Result "1-0"]
[WhiteElo "2232"]
[BlackElo "1937"]
[PlyCount "55"]
[EventDate "2015.??.??"]

1. e4 c5 2. c3 Nf6 3. e5 Nd5 4. Nf3 Nc6 5. Bc4 Nb6 6. Bb3 e6 7. d4 cxd4 8. cxd4
d6 9. O-O Be7 10. Nc3 O-O 11. Qe2 Bd7 12. Bf4 dxe5 13. dxe5 a6 14. Rac1 Qc7 15.
Bc2 Rac8 16. Rfe1 Nb4 17. Bb1 Bc6 18. Ng5 h6 19. Nh7 Rfd8 20. Qg4 Kh8 21. Qh5
Nd3 22. Bxh6 Kxh7 23. Bxg7+ Kxg7 24. Re3 Rg8 25. Rg3+ Kf8 26. Qh6+ Ke8 27.
Rxg8+ Kd7 28. Rxc8 1-0

[Event "Ifjusagi csapatbajnoksag"]
[Site "Budapest"]
[Date "2015.08.26"]
[Round "1.14"]
[White "Gorog, Almos"]
[Black "Berta, Sandor"]
[Result "1/2-1/2"]
[WhiteElo "1912"]
[BlackElo "2121"]
[PlyCount "69"]
[EventDate "2015.??.??"]

1. c4 g6 2. g3 Bg7 3. Bg2 e5 4. Nc3 d6 5. d3 Nc6 6. e4 h5 7. Be3 h4 8. Qd2 h3
9. Bf1 Nd4 10. Bxd4 exd4 11. Nce2 Bd7 12. Nf4 Qc8 13. Qc2 g5 14. Nfe2 Ne7 15.
f4 g4 16. f5 Bc6 17. Nf4 Nxf5 18. exf5 Qxf5 19. Nd5 Bxd5 20. cxd5 Qxd5 21. Qe2+
Kf8 22. Qxg4 Re8+ 23. Kf2 Bh6 24. Nf3 Be3+ 25. Ke2 Qc6 26. Kd1 Qa4+ 27. b3 Qa3
28. Nxd4 Rg8 29. Nc2 Qc5 30. Qc4 Qe5 31. Be2 b5 32. Qe4 Qf6 33. Rf1 Qc3 34. Qb4
Qe5 35. d4 1/2-1/2

[Event "Ifjusagi csapatbajnoksag"]
[Site "Budapest"]
[Date "2015.08.26"]
[Round "1.15"]
[White "Laza, Szabolcs"]
[Black "Toth, Abel Levente"]
[Result "1-0"]
[WhiteElo "2150"]
[BlackElo "1754"]
[PlyCount "87"]
[EventDate "2015.??.??"]

1. d4 Nf6 2. c4 c5 3. d5 b5 4. Nf3 g6 5. Qc2 d6 6. e4 Bg7 7. cxb5 a6 8. Nc3 O-O
9. Be2 Nbd7 10. h3 Bb7 11. O-O Ne8 12. a4 Nc7 13. Rd1 axb5 14. Nxb5 Ba6 15.
Nxc7 Qxc7 16. Bxa6 Rxa6 17. Bd2 Rb8 18. Bc3 Bxc3 19. Qxc3 Qb7 20. Ra2 Rb6 21.
Rb1 Rb4 22. Nd2 f5 23. exf5 Qxd5 24. b3 Qxf5 25. a5 Ra8 26. Re1 Ne5 27. Re3 Nc6
28. Rf3 Qe5 29. Qd3 Rxa5 30. Rxa5 Nxa5 31. Qa6 Qe1+ 32. Kh2 Qe5+ 33. g3 Rb8 34.
Qxa5 Qd5 35. Qc3 Ra8 36. Qe3 Re8 37. Ne4 Qc6 38. Qf4 Qd5 39. Ng5 Rb8 40. Qh4 h5
41. Qf4 Rc8 42. Qe3 Re8 43. Rf7 Qb7 44. Qe6 1-0

[Event "Ifjusagi csapatbajnoksag"]
[Site "Budapest"]
[Date "2015.08.26"]
[Round "1.16"]
[White "Pasztor, Flora Katinka"]
[Black "Marosi, Levente"]
[Result "1/2-1/2"]
[WhiteElo "1705"]
[BlackElo "2212"]
[PlyCount "101"]
[EventDate "2015.??.??"]

1. e4 c5 2. Nf3 d6 3. d4 cxd4 4. Nxd4 Nf6 5. Nc3 a6 6. Be2 e5 7. Nf3 Be7 8. Bg5
Nbd7 9. O-O O-O 10. a4 Qc7 11. Nd2 b6 12. Nc4 h6 13. Bh4 Bb7 14. f3 Rfe8 15.
Bf2 Nc5 16. a5 b5 17. Nb6 Rab8 18. Be3 Ncd7 19. Qd2 Nxb6 20. Bxb6 Qc8 21. Rfd1
Qe6 22. f4 Nxe4 23. f5 Qc8 24. Nxe4 Bxe4 25. Bd3 Bxf5 26. Rf1 e4 27. Be2 Be6
28. c3 d5 29. b4 Bg5 30. Qc2 g6 31. Bd4 Qd8 32. Rae1 f5 33. Bd1 Rc8 34. Qf2 Rf8
35. g3 Bf6 36. Qe3 Kg7 37. Bb6 Qd7 38. Bc5 Rfd8 39. Bb3 d4 40. Bxe6 Qxe6 41.
Bxd4 Bxd4 42. cxd4 Rc4 43. Rd1 Qd5 44. Rd2 Rxb4 45. Qa3 Rxd4 46. Qe7+ Kg8 47.
Rfd1 Rd3 48. Rxd3 exd3 49. Rxd3 Qxd3 50. Qe6+ Kf8 51. Qf6+ 1/2-1/2

[Event "Ifjusagi csapatbajnoksag"]
[Site "Budapest"]
[Date "2015.08.26"]
[Round "1.17"]
[White "Terbe, Zsuzsanna"]
[Black "Kelemen, Szabolcs"]
[Result "1-0"]
[WhiteElo "2103"]
[BlackElo "1816"]
[PlyCount "101"]
[EventDate "2015.??.??"]

1. e4 c5 2. c3 d5 3. exd5 Qxd5 4. d4 Nf6 5. Nf3 Bg4 6. Be2 e6 7. O-O Nc6 8. h3
Bh5 9. Be3 cxd4 10. cxd4 Be7 11. Nc3 Qd7 12. Qd2 O-O 13. Rfd1 Rfd8 14. a3 a5
15. Rac1 Rac8 16. Qc2 Nb4 17. axb4 axb4 18. Qb3 bxc3 19. bxc3 Qd5 20. c4 Qe4
21. Bd3 Qc6 22. Ne5 Bxd1 23. Nxc6 Bxb3 24. Nxe7+ Kf8 25. Nxc8 Rxc8 26. Kf1 Ke7
27. Ke2 Nd7 28. Kd2 e5 29. Kc3 Bxc4 30. Bxc4 b5 31. Kb4 bxc4 32. Rxc4 Rxc4+ 33.
Kxc4 exd4 34. Bxd4 Ke6 35. Bxg7 Nb6+ 36. Kd4 Nd5 37. Bh6 f5 38. Bd2 Nf6 39. Ke3
Nh5 40. Kf3 Kf6 41. Bc3+ Kg6 42. g4 fxg4+ 43. hxg4 Nf6 44. Bxf6 Kxf6 45. Ke4
Kg5 46. f3 Kf6 47. f4 Ke6 48. g5 Kd6 49. Kf5 Ke7 50. g6 h6 51. Ke4 1-0

[Event "Ifjusagi csapatbajnoksag"]
[Site "Budapest"]
[Date "2015.08.26"]
[Round "1.18"]
[White "Pasztor, Daniel"]
[Black "Toth-Katona, Tamas"]
[Result "0-1"]
[WhiteElo "1645"]
[BlackElo "2026"]
[PlyCount "84"]
[EventDate "2015.??.??"]

1. e4 e6 2. d4 d5 3. Nc3 Nf6 4. Bg5 dxe4 5. Nxe4 Be7 6. Bxf6 gxf6 7. Nf3 f5 8.
Nc3 O-O 9. Be2 Bf6 10. Qd2 Nd7 11. h4 c5 12. dxc5 Nxc5 13. Qe3 Qa5 14. Kf1 Ne4
15. Nxe4 fxe4 16. Nd4 Qe5 17. c3 Bg7 18. Rh3 f5 19. f4 exf3 20. Qxf3 Qf6 21.
Bc4 Kh8 22. Qh5 e5 23. Nf3 Be6 24. Bxe6 Qxe6 25. Qxh7+ Kxh7 26. Ng5+ Kh6 27.
Nxe6 Rf7 28. Nxg7 Rxg7 29. Rd1 Rag8 30. Rd2 Kh5 31. Rf2 f4 32. Re2 Re7 33. Kf2
e4 34. g3 Kg4 35. Rh1 e3+ 36. Kf1 f3 37. Re1 f2 38. Re2 Kxg3 39. Rc2 e2+ 40.
Rxe2 Rxe2 41. Kxe2 Kg2 42. Rh2+ Kxh2 0-1

[Event "Ifjusagi csapatbajnoksag"]
[Site "Budapest"]
[Date "2015.08.26"]
[Round "1.19"]
[White "Forgacs, Andras"]
[Black "Farkas, Richard"]
[Result "0-1"]
[WhiteElo "1753"]
[BlackElo "2267"]
[PlyCount "64"]
[EventDate "2015.??.??"]

1. d4 d5 2. c4 dxc4 3. Nc3 a6 4. a4 Nc6 5. e3 e5 6. d5 Na5 7. e4 Bc5 8. Nf3 Qd6
9. Nd2 Nf6 10. Nxc4 Nxc4 11. Bxc4 Bxf2+ 12. Kxf2 Qc5+ 13. Ke1 Qxc4 14. Qe2
Qxe2+ 15. Kxe2 Bg4+ 16. Kd3 h6 17. Be3 Rd8 18. h3 Bh5 19. Rhe1 Bg6 20. Bc5 Nxd5
21. Nxd5 Rxd5+ 22. Kc4 Rd2 23. b4 b6 24. Be3 Rxg2 25. Kd5 Kd7 26. Kxe5 Re8+ 27.
Kd4 Rxe4+ 28. Kc3 Rg3 29. Kd2 Rxb4 30. Rac1 Rxa4 31. Ra1 Rg2+ 32. Kd1 Rxa1+ 0-1

[Event "Ifjusagi csapatbajnoksag"]
[Site "Budapest"]
[Date "2015.08.26"]
[Round "1.20"]
[White "Marjanovics, Annamaria"]
[Black "Lehaci, Miruna-Daria"]
[Result "1-0"]
[WhiteElo "2234"]
[BlackElo "1814"]
[PlyCount "75"]
[EventDate "2015.??.??"]

1. e4 e6 2. d4 d5 3. Nc3 Nf6 4. e5 Nfd7 5. f4 c5 6. Nf3 Nc6 7. Be3 a6 8. Qd2 b5
9. dxc5 Nxc5 10. Qf2 Nd7 11. Bd3 Be7 12. O-O O-O 13. Ne2 Bb7 14. Kh1 Rc8 15.
Qg3 Kh8 16. f5 Qc7 17. Bf4 Rg8 18. fxe6 fxe6 19. Bxh7 Kxh7 20. Qh3+ Kg6 21.
Qxe6+ Kh7 22. Qh3+ Kg6 23. Qg4+ Kf7 24. e6+ Ke8 25. Bxc7 Rxc7 26. exd7+ Rxd7
27. Ned4 Nxd4 28. Nxd4 g6 29. Qe6 Rg7 30. Rf8+ Kxf8 31. Qxd7 Rf7 32. Re1 Kg8
33. Qxb7 b4 34. Qxd5 Bh4 35. Rf1 Bf2 36. Rxf2 Kh8 37. Rxf7 b3 38. Qd8# 1-0

[Event "Ifjusagi csapatbajnoksag"]
[Site "Budapest"]
[Date "2015.08.26"]
[Round "1.21"]
[White "Csontos, David"]
[Black "Urhegyi, Marton"]
[Result "0-1"]
[WhiteElo "1609"]
[BlackElo "2156"]
[PlyCount "110"]
[EventDate "2015.??.??"]

1. e4 c5 2. Nf3 d6 3. d4 cxd4 4. Nxd4 Nf6 5. Nc3 g6 6. Be2 Bg7 7. Be3 O-O 8.
Qd2 Nc6 9. f3 d5 10. O-O-O Nxd4 11. Bxd4 dxe4 12. Nxe4 Qc7 13. Nxf6+ exf6 14.
Qc3 Qf4+ 15. Be3 Qa4 16. Qc4 Qe8 17. Bc5 Be6 18. Qb4 Bxa2 19. b3 Qe5 20. Qd4
Rfc8 21. Qxe5 fxe5 22. Rd5 b6 23. Kb2 Bxb3 24. cxb3 Rxc5 25. Rxc5 bxc5 26. Rc1
Rc8 27. Kc3 e4+ 28. Kc4 Re8 29. Kb5 Bd4 30. Ka6 Re6+ 31. Ka5 e3 32. Rc4 Rb6 33.
b4 Rxb4 34. Rxb4 Bc3 35. Kb5 cxb4 36. Ka4 Kf8 37. Kb3 Ke7 38. Kc2 Kd6 39. Kd3
Bd2 40. Kc4 a5 41. Kb3 Kc5 42. Ka4 Kd4 43. Kb3 f6 44. Bb5 a4+ 45. Kb2 b3 46.
Be2 Bc1+ 47. Kb1 Kc3 48. Kxc1 a3 49. Kb1 a2+ 50. Ka1 Kc2 51. Bd3+ Kxd3 52. f4
Kc2 53. f5 e2 54. fxg6 e1=B 55. g7 Bc3# 0-1

[Event "Ifjusagi csapatbajnoksag"]
[Site "Budapest"]
[Date "2015.08.26"]
[Round "1.23"]
[White "Fodor, Kornel"]
[Black "Kiss, Peter"]
[Result "0-1"]
[WhiteElo "1505"]
[BlackElo "1966"]
[PlyCount "66"]
[EventDate "2015.??.??"]

1. e4 c5 2. Nf3 Nc6 3. d4 cxd4 4. Nxd4 Qb6 5. Nb3 Nf6 6. Nc3 e6 7. Be3 Qc7 8.
f3 Bb4 9. Qd2 d5 10. a3 Bxc3 11. Qxc3 O-O 12. exd5 Nxd5 13. Qd2 Qe5 14. Kf2
Qxb2 15. Bd3 Nxe3 16. Qxe3 Qe5 17. Qd2 Rd8 18. Rae1 Qf6 19. h4 e5 20. Nc5 b6
21. Ne4 Qe7 22. g4 Ba6 23. g5 Bxd3 24. cxd3 Qxa3 25. Re3 Nd4 26. Rc1 Nf5 27.
Rc3 Qb4 28. Re1 Qd4+ 29. Kf1 Nxh4 30. Qe2 Qd7 31. Qf2 Qh3+ 32. Ke2 Qg2 33. Qxg2
Nxg2 0-1

[Event "Ifjusagi csapatbajnoksag"]
[Site "Budapest"]
[Date "2015.08.26"]
[Round "1.25"]
[White "Ngo Tan, Don"]
[Black "Vida, Krisztian"]
[Result "1-0"]
[WhiteElo "2309"]
[BlackElo "1722"]
[PlyCount "49"]
[EventDate "2015.??.??"]

1. e4 d5 2. exd5 Qxd5 3. Nc3 Qa5 4. d4 Nf6 5. Bc4 c6 6. Nge2 Bf5 7. Bd2 e6 8.
O-O Qc7 9. Ng3 Bg6 10. Re1 Be7 11. h4 h6 12. h5 Bh7 13. Qf3 O-O 14. Bb3 Nbd7
15. a3 Bd6 16. Nge4 Nxe4 17. Nxe4 Bxe4 18. Rxe4 Nf6 19. Ree1 Rad8 20. Bxh6 Qa5
21. d5 cxd5 22. Bg5 Be7 23. h6 g6 24. Bxf6 Qc7 25. h7+ 1-0

[Event "Ifjusagi csapatbajnoksag"]
[Site "Budapest"]
[Date "2015.08.26"]
[Round "1.26"]
[White "Gombocz, Zsofia"]
[Black "Grimm, Gyorgy"]
[Result "0-1"]
[WhiteElo "1762"]
[BlackElo "2181"]
[PlyCount "66"]
[EventDate "2015.??.??"]

1. e4 d5 2. exd5 Qxd5 3. Nc3 Qa5 4. d4 Nf6 5. Bd2 c6 6. Nf3 Bg4 7. Be2 e6 8.
Ne4 Qb6 9. Nxf6+ gxf6 10. Bc3 Nd7 11. Nd2 Bxe2 12. Qxe2 Qc7 13. Ne4 Be7 14. Qf3
f5 15. Ng3 Rg8 16. O-O-O O-O-O 17. Rhe1 Bf6 18. h3 Kb8 19. Kb1 Ka8 20. Nh5 Bh8
21. g3 Nb6 22. Nf4 Na4 23. Qe3 Qb6 24. Ne2 Rd5 25. Rd2 Nxc3+ 26. Qxc3 c5 27.
Rd3 cxd4 28. Qa3 Rgd8 29. Nf4 Rb5 30. b3 e5 31. Ng2 e4 32. Rd2 Qc6 33. Nf4 Qc3
0-1

[Event "Ifjusagi csapatbajnoksag"]
[Site "Budapest"]
[Date "2015.08.26"]
[Round "1.27"]
[White "Medve, Mark"]
[Black "Barasits, Balint"]
[Result "1-0"]
[WhiteElo "2088"]
[BlackElo "1716"]
[PlyCount "109"]
[EventDate "2015.??.??"]

1. d4 d5 2. c4 e6 3. Nc3 Nf6 4. Bg5 Nbd7 5. Nf3 c6 6. e3 Bb4 7. a3 Bxc3+ 8.
bxc3 O-O 9. Bd3 Qa5 10. Qc2 dxc4 11. Bxc4 Nd5 12. O-O Qxc3 13. Qe2 Qa5 14. e4
N5b6 15. Bd3 h6 16. Bh4 Re8 17. e5 Nd5 18. Qe4 f5 19. exf6 N7xf6 20. Qe5 Qc7
21. Bxf6 gxf6 22. Qh5 Re7 23. Qg6+ Kf8 24. Qxh6+ Rg7 25. Nh4 f5 26. Ng6+ Kf7
27. Ne5+ Kg8 28. Bc4 Rh7 29. Qg6+ Qg7 30. Bxd5 Qxg6 31. Nxg6 exd5 32. Rfe1 Kf7
33. Nf4 Bd7 34. Re5 Re8 35. Rae1 Rxe5 36. Rxe5 Kf6 37. g3 Re7 38. Rxe7 Kxe7 39.
h4 a5 40. Kf1 b5 41. Ke1 Kd6 42. Nd3 Be8 43. Kd2 Bh5 44. Kc3 Bf3 45. Nc5 Kc7
46. Kd2 a4 47. Kc3 Kd6 48. Kb4 Be2 49. Kc3 Bf3 50. Kd2 Ke7 51. Na6 Ke6 52. Ke3
Bd1 53. Kd2 Bf3 54. Ke3 b4 55. Nc5+ 1-0

[Event "Ifjusagi csapatbajnoksag"]
[Site "Budapest"]
[Date "2015.08.26"]
[Round "1.28"]
[White "Szakasics, Emese"]
[Black "Wanger, Tamas"]
[Result "0-1"]
[WhiteElo "1686"]
[BlackElo "2049"]
[PlyCount "66"]
[EventDate "2015.??.??"]

1. e4 e6 2. d4 d5 3. Nd2 c5 4. c3 Nc6 5. Ngf3 cxd4 6. cxd4 Nf6 7. e5 Ne4 8. Bd3
Bb4 9. O-O Nxd2 10. Bxd2 Qe7 11. Bf4 Bd7 12. Rc1 Ba5 13. a3 Bb6 14. Bb1 h6 15.
h4 O-O-O 16. Re1 Kb8 17. Ba2 Ka8 18. Qd3 Rdg8 19. Qd2 Bd8 20. g3 g5 21. hxg5
hxg5 22. Bxg5 Rxg5 23. Qxg5 Qxg5 24. Nxg5 Bxg5 25. f4 Bd8 26. Red1 Bb6 27. Kg2
Kb8 28. f5 Nxd4 29. fxe6 Bxe6 30. Rc3 Bh3+ 31. Kf2 Nb5+ 32. Re3 Bxe3+ 33. Kxe3
Nc7 0-1

[Event "Ifjusagi csapatbajnoksag"]
[Site "Budapest"]
[Date "2015.08.26"]
[Round "1.29"]
[White "Egyed, Judit"]
[Black "Horvath, Soma"]
[Result "1/2-1/2"]
[WhiteElo "1981"]
[BlackElo "1636"]
[PlyCount "125"]
[EventDate "2015.??.??"]

1. e4 e5 2. Nf3 Nc6 3. Bb5 Nf6 4. O-O d6 5. Re1 a6 6. Ba4 Be7 7. h3 O-O 8. c3
b5 9. Bc2 Nb8 10. d4 Nbd7 11. Nbd2 Re8 12. Nf1 Bf8 13. Ng3 g6 14. Bg5 Bg7 15.
Qd2 Bb7 16. Rad1 Qc8 17. Bh6 Qd8 18. d5 Qe7 19. Be3 Rac8 20. a4 Bf8 21. axb5
axb5 22. b3 Ra8 23. Ra1 Rec8 24. c4 bxc4 25. bxc4 c6 26. Rxa8 Bxa8 27. Ra1 c5
28. Ra7 Qd8 29. Qc1 Rc7 30. Ra2 Qb8 31. Qa1 Bb7 32. Bd2 Bc8 33. Kh2 Rb7 34. Bc3
Ne8 35. Nd2 Rb6 36. Ra3 Nc7 37. Nb3 Ra6 38. Rxa6 Nxa6 39. Na5 Nb6 40. Nc6 Qb7
41. Bd3 Bd7 42. Na5 Qa7 43. Qb1 Na4 44. Bd2 Qb6 45. Qxb6 Nxb6 46. f4 f6 47. Ne2
Kf7 48. Kg3 Na4 49. Nc3 Nxc3 50. Bxc3 Ke7 51. Kf3 Kd8 52. g4 Be7 53. h4 Nb4 54.
Bxb4 cxb4 55. Bc2 Kc7 56. f5 gxf5 57. gxf5 Kb6 58. Nb3 Ba4 59. Ke2 Bxb3 60.
Bxb3 Kc5 61. Kd3 Bf8 62. Bd1 Bh6 63. h5 1/2-1/2

[Event "Ifjusagi csapatbajnoksag"]
[Site "Budapest"]
[Date "2015.08.26"]
[Round "1.30"]
[White "Ori, Akos Bendeguz"]
[Black "Egyed, Viktoria"]
[Result "0-1"]
[WhiteElo "1329"]
[BlackElo "1980"]
[PlyCount "50"]
[EventDate "2015.??.??"]

1. e4 c5 2. Nf3 e6 3. d4 cxd4 4. Nxd4 a6 5. a4 Qc7 6. Nc3 Nf6 7. f3 Bb4 8. Bd2
O-O 9. Bd3 Nc6 10. Nxc6 bxc6 11. O-O Bc5+ 12. Kh1 d5 13. exd5 cxd5 14. Ne2 Bd6
15. f4 Bb7 16. Rc1 Qc6 17. Rf3 e5 18. c4 e4 19. cxd5 Qd7 20. Bxe4 Nxe4 21. Ng3
Nxd2 22. Qxd2 Rac8 23. Rxc8 Rxc8 24. Ne4 Qxa4 25. Nxd6 Qa1+ 0-1

[Event "Ifjusagi csapatbajnoksag"]
[Site "Budapest"]
[Date "2015.08.26"]
[Round "1.31"]
[White "Persanyi, Barnabas"]
[Black "Egri, Laszlo Jr"]
[Result "1/2-1/2"]
[WhiteElo "2064"]
[BlackElo "2157"]
[PlyCount "97"]
[EventDate "2015.??.??"]

1. e4 c5 2. Nf3 e6 3. c4 a6 4. Nc3 Qc7 5. Be2 b6 6. O-O Bb7 7. d4 cxd4 8. Nxd4
Nf6 9. f3 d6 10. Be3 Nbd7 11. Qd2 Be7 12. a4 O-O 13. a5 Rfd8 14. Rfd1 Rac8 15.
Nb3 Nc5 16. axb6 Qxb6 17. Nxc5 dxc5 18. Qc2 Nd7 19. f4 Nb8 20. Bf3 Nc6 21. Ne2
Nd4 22. Nxd4 cxd4 23. Bf2 Qc7 24. Rxd4 Rxd4 25. Bxd4 Qxf4 26. Rf1 Qc7 27. b3
Bc5 28. Qf2 Bxd4 29. Qxd4 Rd8 30. Qe3 e5 31. Rd1 Rxd1+ 32. Bxd1 Qd6 33. Bf3 Kf8
34. c5 Qd4 35. Qxd4 exd4 36. e5 Bc8 37. b4 Ke7 38. Kf2 Be6 39. Be2 Bc8 40. Bc4
f6 41. e6 Bxe6 42. Bxa6 Kd7 43. Bb5+ Kc7 44. Ke2 Bf5 45. Kd2 Be4 46. g3 g5 47.
Bd3 f5 48. g4 Bxd3 49. Kxd3 1/2-1/2

[Event "Ifjusagi csapatbajnoksag"]
[Site "Budapest"]
[Date "2015.08.26"]
[Round "1.32"]
[White "Ugroczky, Peter"]
[Black "Juhasz, Adam"]
[Result "1/2-1/2"]
[WhiteElo "2170"]
[BlackElo "1531"]
[PlyCount "89"]
[EventDate "2015.??.??"]

1. e4 e6 2. d4 d5 3. Nd2 c5 4. Ngf3 Nc6 5. exd5 exd5 6. Bb5 Nf6 7. O-O Be7 8.
dxc5 O-O 9. Bxc6 bxc6 10. b4 a5 11. c3 Bg4 12. Qc2 Qc7 13. Bb2 Bh5 14. a3 Bg6
15. Qc1 Ne4 16. Nxe4 Bxe4 17. Nd4 Bf6 18. Ne2 Rfe8 19. Qd2 h6 20. Ng3 Bg6 21.
f4 Bh4 22. Ne2 f5 23. Nd4 Bf6 24. Nf3 Re4 25. g3 Rae8 26. Rfe1 Bh5 27. Rxe4
Rxe4 28. Kf2 Qe7 29. Ng1 g5 30. Re1 gxf4 31. Nh3 fxg3+ 32. hxg3 Bg5 33. Nxg5
hxg5 34. Rxe4 fxe4 35. Qe3 a4 36. Bc1 Qf6+ 37. Ke1 g4 38. Bd2 Kf7 39. c4 dxc4
40. Qxe4 Qe6 41. Qe2 Qxe2+ 42. Kxe2 Ke6 43. Ke3 Kd5 44. Bc3 Bf7 45. Kf4 1/2-1/2